00968nam a2200265 a 450000100060000000300080000600500170001400800410003103500190007204000270009104100080011808200220012610000280014824500730017626000370024930000320028649000790031850000200039765000290041770000250044683000630047194200120053499900170054695201390056367342BD-RjUL20211209081635.0170323s1964 maua 001 0 eng d a(BD-RjUL)67473 aDLCcCMCdBD-RjULbeng aeng 223a532bLIP 19641 aLi, Wen-Hsiung.919952410aPrinciples of fluid mechanics /cby Wen-hsiung Li [and] Sau-hai Lam. aLondon :bAddison-Wesley,c1964. ax, 374 p. :bill. ;c24 cm.1 aAddison-Wesley series in engineering science. Mechanics and thermodynamics aIncludes index. 0aFluid mechanics.91992831 aLam, Sau-hai9199525 0aAddison-Wesley series in the engineering sciences.9199528 2ddccBK c67342d67342 00102ddc40718NFICaRUCLbRUCLcReadingd1968-08-15eSweet and zeitnngerl0o532 LIP 1964r2017-03-23 00:00:00tC-1w2017-03-23yBK